Software project managements practice. (Record no. 2492)
[ view plain ]
| 000 -LEADER | |
|---|---|
| fixed length control field | 00604cam a22002052 4500 |
| 001 - CONTROL NUMBER | |
| control field | 0000004151 |
| 005 - DATE AND TIME OF LATEST TRANSACTION | |
| control field | 20151217145756.0 |
| 008 - FIXED-LENGTH DATA ELEMENTS--GENERAL INFORMATION | |
| fixed length control field | 070521s xx 000 0 eng d |
| 020 ## - INTERNATIONAL STANDARD BOOK NUMBER | |
| International Standard Book Number | 81077588575 : |
| 040 ## - CATALOGING SOURCE | |
| Original cataloging agency | KABU |
| Transcribing agency | KABU |
| 050 #0 - LIBRARY OF CONGRESS CALL NUMBER | |
| Classification number | QA76.76 |
| Item number | .D47J35 |
| 100 1# - MAIN ENTRY--PERSONAL NAME | |
| Personal name | Jalote, Pankaj. |
| -- | 0000154566 |
| 245 10 - TITLE STATEMENT | |
| Title | Software project managements practice. |
| 260 ## - PUBLICATION, DISTRIBUTION, ETC. (IMPRINT) | |
| Place of publication, distribution, etc. | New Delhi : |
| Name of publisher, distributor, etc. | Dorling Kindersley, |
| Date of publication, distribution, etc. | 2002. |
| 300 ## - PHYSICAL DESCRIPTION | |
| Extent | xv, 262 p. |
| 650 #0 - SUBJECT ADDED ENTRY--TOPICAL TERM | |
| Topical term or geographic name as entry element | Computer software |
| General subdivision | Development |
| -- | Management. |
| -- | 0000154567 |
| 908 ## - PUT COMMAND PARAMETER (RLIN) | |
| Put command parameter | 070521 |
| 950 ## - LOCAL HOLDINGS (RLIN) | |
| -- | 1 |
| Withdrawn status | Lost status | Source of classification or shelving scheme | Not for loan | Home library | Current library | Date acquired | Total Checkouts | Total Renewals | Full call number | Barcode | Date last seen | Date last checked out | Price effective from | Koha item type |
|---|---|---|---|---|---|---|---|---|---|---|---|---|---|---|
| Library of Congress Classification | Kabarak, Main Campus | Kabarak, Main Campus | 17/12/2015 | 2 | 1 | QA76.76 .D47J35 | 003760 | 12/04/2023 | 22/03/2023 | 17/12/2015 | General Collection |